[Event "TUR-chT Clubs"]
[Site "Konya"]
[Date "2019.07.18"]
[Round "4.28"]
[White "Caglar, Orhun"]
[Black "Eroglu, Mehmet"]
[Result "1-0"]
[WhiteElo "1334"]
[BlackElo "1668"]
[PlyCount "87"]
[EventDate "2019.07.16"]
[EventType "team-swiss"]
[EventRounds "9"]
[EventCountry "TUR"]
[SourceTitle "CBM 191 Extra"]
[Source "ChessBase"]
[SourceDate "2019.09.30"]
[SourceVersion "1"]
[SourceVersionDate "2019.09.30"]
[SourceQuality "1"]
[WhiteTeam "Duzici Okyanus"]
[BlackTeam "Mustafa Kemal Ortaokulu"]
[WhiteTeamCountry "TUR"]
[BlackTeamCountry "TUR"]

1. e4 c6 2. d4 d5 3. exd5 cxd5 4. Bd3 Nc6 5. c3 Nf6 6. Bf4 Bg4 7. Qb3 Bc8 8. Nf3 e6 9. Nbd2 Be7 10. 0-0 0-0 11. Rae1 a6 12. Qc2 b5 13. a3 Bb7 14. Ne5 Rc8 15. Nxc6 Bxc6 16. Nf3 a5 17. Ne5 Be8 18. Re3 Ne4 19. Bxe4 dxe4 20. Qxe4 f5 21. Qb1 g5 22. Rg3 Kh8 23. Bd2 Bf6 24. Re1 h5 25. Rge3 Kg7 26. Qa2 Qb6 27. Nd3 Bf7 28. Ne5 Be8 29. R3e2 h4 30. Nf3 Bd7 31. Bxg5 h3 32. Bxf6+ Rxf6 33. d5 Rc4 34. Ne5 Rg4 35. Nxd7 Rxg2+ 36. Kh1 Qd6 37. Ne5 Rfg6 38. f4 R6g4 39. b4 Rxe2 40. Qxe2 Qxd5+ 41. Nf3 Kf8 42. Rd1 Qc6 43. Qd3 Rxf4 44. Qd8+ 1-0